Statistics for ABBA General Knowledge

Click here to take the quiz!

General Stats

  • This quiz has been taken 26 times
  • The average score is 13 of 19

Answer Stats

HintAnswer% Correct
Bjorn
100%
In what year did ABBA in Eurovision?1974
96%
The first names of the band's 4 membersAgnetha
96%
Benny
92%
What year was ABBA's debut album released?1973
88%
Anni-Frid
83%
ABBA
75%
Name the nine studio albums released by ABBA to dateRing Ring
75%
Waterloo
71%
Arrival
67%
The Visitors
67%
Voulez-Vous
67%
This album has been on UK Album Charts Top 100 longer than any other album everABBA Gold
58%
The Album
58%
Super Trouper
54%
Voyage
50%
"I'm a ________, just a ________, pull the string!"Marionette
46%
"With no trace of hesitation, she keeps going ______ ____ _____"Head Over Heels
38%
"I'm hearing _______, I'm seeing songs, no poet has ever painted"Images
25%

Score Distribution

Percentile by Number Answered

Percent of People with Each Score

Your Score History

You have not taken this quiz